00574nam a2200169 i 450000100060000000300090000600500170001500700030003200800410003510000290007624500730010526000340017830000210021285200320023399900170026595201220028223326ES-MaACL20230906152843.0t|021210s1972 xxu ||||1| spa d1 aAlvarez, Rolando.92067410aMi Habana b: poemas desde el destierro / cAlvaro de Villa (seud.). aMiami : bUniversal, c[1972] a95 p. ; c17 cm. aES-MaACLjC-44958 bR.80623 c23326d23326 00104070aATENEOMbATENEOMcDEPO2d2008-01-17eSCl0oC-44958p1024032r2023-02-23 00:00:00w2023-02-23yMONOGRAFIA